Przeslanki metodyczne realizacji funkcji rachunku kosztów w warunkach produkcji aparaturowej
Uložené v:
| Hlavný autor: | |
|---|---|
| Médium: | Kniha |
| Jazyk: | Polish |
| Vydavateľské údaje: |
Wroclaw
Akademia Ekon.
1991
|
| Vydanie: | 1. wyd. |
| Edícia: | Prace naukowe
Nr.557 |
| Tagy: |
Žiadne tagy, Buďte prvý, kto otaguje tento záznam!
|
MARC
| LEADER | 00000nam a2200000 4500 | ||
|---|---|---|---|
| 001 | c026404 | ||
| 005 | 20221214094716.9 | ||
| 041 | 0 | |a pol | |
| 044 | |a PL | ||
| 245 | 1 | 0 | |a Przeslanki metodyczne realizacji funkcji rachunku kosztów w warunkach produkcji aparaturowej |c Danuta Soltys |
| 250 | |a 1. wyd. | ||
| 264 | 1 | |a Wroclaw |b Akademia Ekon. |c 1991 | |
| 300 | |a 156 s. | ||
| 490 | 1 | |a Prace naukowe |v Nr.557 | |
| 830 | 0 | |a Prace naukowe |v Nr.557 | |
| 100 | 1 | |a Soltys, Danuta | |